000 01103nam a22003257a 4500
001 0016714
003 KOHA_MİRAKIL
005 20260207002113.0
007 ta
008 100422b1999 tu a|||gr||||#||||0|tur |
020 _a9755124012
_c0,01
040 _aTR-BiSEU
_btur
_cTR-BiSEU
_erda
041 0 _atur
044 _ctu
050 _aHF3756.5
_b.K18 1999
245 1 _aKaradeniz limanlarının bölgesel ticaretin gelişimindeki önemi ve işlevi /
_ceditöeler Ahmet İncekara and Yıldırım Kılkış; katkıda bulunanlar Muhsin Akgür and Volkan Aydos.
264 1 _aİstanbul :
_bİstanbul Ticaret Odası
_c1999
300 _a1478 sayfa :
_btbl. ;
_c23 cm.
336 _ametin
_btxt
_2rdacontent
337 _aaracısız
_bn
_2rdamedia
338 _acilt
_bnc
_2rdacarrier
490 1 _aİstanbul Ticaret Odası (Series) ;
_vyayın no.
490 1 _a1999-50.
500 _aKaynakça var.
650 0 _aHarbors--Turkey.
_938737
650 0 _aTurkey--Commerce.
_94848
830 1 _aİstanbul Ticaret Odası (Series) ;
_vyayın no.
_925095
830 1 _a1999-50.
_938738
942 _2lcc
_cBK
999 _c16675
_d16675